00496nam a2200205Ia 4500008004100000020001800041050001400059100002200073245004000095245002500135260001500160260001600175260000900191300001600200300002600216300001000242300002300252440000700275500000800282170918s9999 xx 000 0 und d a9780439559737 bS857 2001 aStilton, Geronimo aIt's halloween you 'fraidy mouse! / cby Geronimo Stilton. aNew York : bScholastic, c2001 a113 pages : bcolor illustrations ; c19cm. eGeronimo Stilton ; a11 a410